Państwa bez litery "a" w nazwie - Statystyki

Ogólne statystyki
  • Ten quiz został rozwiązany 482 razy
    465 od ostatniego zresetowania
  • Średni wynik to 17 z 31
Statystyki odpowiedzi
Odpowiedź % Poprawnych
Chiny
81%
Niemcy
81%
Włochy
74%
Chile
73%
Indie
72%
Meksyk
72%
Czechy
71%
Egipt
69%
Peru
67%
Jemen
62%
Luksemburg
60%
Liechtenstein
59%
Cypr
57%
Kosowo
56%
Węgry
55%
Niger
52%
Togo
51%
Fidżi
50%
Kongo
50%
Benin
46%
Belize
45%
Kuwejt
45%
Dżibuti
44%
Seszele
44%
Brunei
41%
Filipiny
41%
Komory
39%
Lesotho
39%
Burundi
38%
Wybrzeże Kości Słoniowej
36%
Timor Wschodni
30%
Nie znaleziono quizów pasujących do podanych kryteriów
Rozkład punktacji
Procent ludzi z każdym wynikiem
Percentyl według liczby udzielonych odpowiedzi
Twoja historia wyników
Nie rozwiązałeś tego quizu od ostatniego zresetowania